• Parroquia de San Cugat (Fornells de la Selva, España)

di Corporate Name

Records bibliografici associati: 1

001 - CONTROL NUMBER

  • control field: 49464

003 - CONTROL NUMBER IDENTIFIER

  • control field: IT-RoINE

005 - DATE AND TIME OF LATEST TRANSACTION

  • control field: 20201028090556.0

008 - FIXED-LENGTH DATA ELEMENTS

  • fixed length control field: 180522|| aca||aabn | a|a d

040 ## - CATALOGING SOURCE

  • Original cataloging agency: IT-RoINE
  • Transcribing agency: IT-RoINE

110 2# - HEADING--CORPORATE NAME

  • Corporate name or jurisdiction name as entry element: Parroquia de San Cugat (Fornells de la Selva, España)
  • General subdivision: Historia

670 ## - SOURCE DATA FOUND

  • Source citation: Work cat.: (IT-RoINE)0: Marquès, Josep Maria, 1939-2007 5404, Fornells :, 1996.